Validación inicial de un instrumento en construcción para evaluar la inteligencia emocional, como conjunto de habilidades, en una muestra de alumnos de educación secundaria (Record no. 200142)

MARC details
000 -CABECERA
campo de control de longitud fija 01795cab a2200265 ab4500
005 - FECHA Y HORA DE LA ÚLTIMA TRANSACCIÓN
campo de control 20240927132336.0
008 - ELEMENTOS DE LONGITUD FIJA--INFORMACIÓN GENERAL
campo de control de longitud fija 991125c2016 sp tr p o 000 0 spa d
035 ## - NÚMERO DE CONTROL DEL SISTEMA
Número de control de sistema UPN01000228047
040 ## - FUENTE DE LA CATALOGACIÓN
Centro catalogador/agencia de origen MX-MxUPN
Lengua de catalogación spa
Centro/agencia transcriptor MX-MxUPN
Normas de descripción aacr2
049 ## - COLECCIÓN
Colección ART-E
100 1# - ASIENTO PRINCIPAL--NOMBRE PERSONAL
Nombre de persona Pulido Acosta, Federico
Enlace - feanor_fede@hotmail.com.
245 10 - MENCIÓN DE TÍTULO
Título Validación inicial de un instrumento en construcción para evaluar la inteligencia <br/>emocional, como conjunto de habilidades, en una muestra de alumnos de educación secundaria
Medio [recurso electrónico en línea]
506 0# - NOTA DE RESTRICCIONES AL ACCESO
Limitaciones de acceso Acceso abierto
520 3# - NOTA DE RESUMEN, ETC.
Sumario, etc. El objetivo fue elaborar un cuestionario para evaluar la Inteligencia Emocional (IE), utilizando como referencia el MSCEIT (Mayer Salovey y Caruso, 2009) y destinado a una muestra adolescente. Se contó con una muestra de 557 participantes. El 54.2% fueron chicas, el 45.8% varones, el 64.5% musulmanes, el 35.5% cristianos. Se emplearon un test elaborado para la evaluación de la IE, junto con una adaptación propia de la EHS (Gismero, 2000). Los resultados reflejan niveles de fiabilidad aceptables y las dimensiones esperadas, apareciendo intercorrelaciones positivas entre los totales y las dimensiones que los conforman. Las correlaciones fueron también positivas y significativas. REIFOP
650 #7 - ASIENTO SECUNDARIO DE MATERIA - TERMINO TEMATICO
9 (RLIN) 1394
Término de materia o nombre geográfico como elemento de entrada Inteligencia emocional
650 #4 - ASIENTO SECUNDARIO DE MATERIA - TERMINO TEMATICO
9 (RLIN) 11882
Término de materia o nombre geográfico como elemento de entrada Educación emocional
653 0# - TERMINO DE INDIZACION - NO CONTROLADO
Término no controlado Instrumentos de medición
653 0# - TERMINO DE INDIZACION - NO CONTROLADO
Término no controlado Desarrollo afectivo
773 ## - ENLACE AL DOCUMENTO FUENTE/ENTRADA DE REGISTRO ANFITRIÓN
Parte(s) relacionada(s) Vol. 20, no. 1 (2017), p. 35-47
Título REIFOP: revista electrónica interuniversitaria de formación del profesorado
Número Internacional Normalizado para Publicaciones Seriadas 1575-0965
856 4# - LOCALIZACIÓN Y ACCESO ELECTRÓNICOS
Identificador Uniforme del Recurso <a href="https://revistas.um.es/reifop/article/view/250421">https://revistas.um.es/reifop/article/view/250421</a>
856 4# - LOCALIZACIÓN Y ACCESO ELECTRÓNICOS
Identificador Uniforme del Recurso <a href="http://dx.doi.org/10.6018/reifop.20.1.250421">http://dx.doi.org/10.6018/reifop.20.1.250421</a>
902 ## - ELEMENTOS DE DATOS B LOCAL, LDB (RLIN)
Creó Leonor Sotres/270924
905 ## - TIPO DE MATERIAL
Tipo de material Articulo
942 ## - ELEMENTOS DE PUNTO DE ACCESO ADICIONAL (KOHA)
Tipo de ítem Koha Artículo Electrónico
Holdings
Estado de retiro Estado de pérdida Estado dañado No para préstamo Código de colección Localización permanente Ubicación/localización actual Ubicación en estantería Fecha de adquisición Total de préstamos Fecha visto por última vez Identificador Uniforme del Recurso Precio válido a partir de Tipo de ítem Koha
        Acceso abierto Bib. Gregorio Torres Quintero Bib. Gregorio Torres Quintero En línea 27/09/2024   27/09/2024 https://revistas.um.es/reifop/article/view/250421 27/09/2024 Artículo Electrónico